Matemática 9 /
Guardado en:
| Autor Principal: | |
|---|---|
| Otros Autores: | , |
| Formato: | Libro |
| Publicado: |
Buenos Aires :
A-z,
2000
|
| Edición: | 5a. ed. |
| Materias: | |
| Etiquetas: |
Agregar Etiqueta
Sin Etiquetas, Sea el primero en etiquetar este registro!
|
| LEADER | 01349nam a22004095a 4500 | ||
|---|---|---|---|
| 001 | CEM.cems017952 | ||
| 005 | 20130221084035.0 | ||
| 008 | 130507s2000##################000#0#####d | ||
| 003 | CEMS | ||
| 020 | |a 9505344236 | ||
| 082 | 0 | 4 | |a 510 |
| 100 | 1 | |a Semino, Susana | |
| 245 | 1 | 0 | |a Matemática 9 / |c Susana Semino, Susana Englebert y Stella Pedemonti |
| 250 | |a 5a. ed. | ||
| 260 | |a Buenos Aires : |b A-z, |c 2000 | ||
| 300 | |a 244 p. | ||
| 500 | |a Para 3er. ciclo Egb | ||
| 505 | 0 | |a Números y más números -- Operaciones sin urgencia -- Hoy ... gran función -- Despejando dudas -- Navegando por el plano -- Un espacio para todos -- Hecho a medida -- Estadísticas que engañan .. pero no mienten -- ¿Seguro? ¿Imposible? ¡Probable! | |
| 653 | |a Matemática | ||
| 653 | |a Matemática-9 egb | ||
| 653 | |a Números naturales | ||
| 653 | |a Números enteros | ||
| 653 | |a Números racionales | ||
| 653 | |a Números irracionales | ||
| 653 | |a Operaciones númericas | ||
| 653 | |a Funciones | ||
| 653 | |a Ecuaciones | ||
| 653 | |a Vectores | ||
| 653 | |a Trigonometría | ||
| 653 | |a Geometría | ||
| 653 | |a Simela | ||
| 653 | |a Estadística | ||
| 653 | |a Probabilidad | ||
| 653 | |a Combinatoria | ||
| 700 | 1 | |a Englebert, Susana | |
| 700 | 1 | |a Pedemonti, Stella | |
| 859 | |a CEMS |b BIB. CEMS - Agricultura |h 510 |i Se529a5 |p A1777.12 |t Ej.1 |v 9 |3 9 | ||
